ON A PRODUCT OF SEMIGROUPS

Podrobná bibliografia
Hlavný autor: Kolibiarová, Blanka, 1924-2018 (Autor)
Médium: Článok
Jazyk:angličtina

MARC

LEADER 00000nab a2200000uu 4500
001 vtls010899047
003 SK-MaSNL
005 20260305005845.0
008 230121|1965 xo |||||||||||||||||eng|
015 |a SNBRB 
035 |a (urnnbn)urn:nbn:sk:snk:ar-006qu0 
035 |a (uuid)3f012881-5c68-41c8-8e04-52b1b9d8b797 
035 |a urn:nbn:sk:snk-ab8r3j 
040 |a SNKBUCL  |b slo  |c SNKBUCL  |e AACR2 
041 0 |a eng 
044 |a xo  |c SK 
100 1 |a Kolibiarová, Blanka,  |d 1924-2018  |4 aut  |9 208307 
245 1 0 |a ON A PRODUCT OF SEMIGROUPS  |c Blanka Kolibiarová 
773 0 |t Matematicko-fyzikálny časopis  |g Roč. 15, č. 4 (1965), s. 304-312 
954 |a odborná, vedecká literatúra pôvodná (slovenská)  |2 lita 
958 |a OND 
958 |a EUIPO 
958 |a article10 
999 |c 3242992  |d 3244922